00884cam a2200229 a 450000100100000000500170001000800410002702000150006804000230008308200170010610000340012324500770015726000310023430000280026549000720029350400840036565000480044965000180049765000290051570000340054483000760057800000663620200929153949.0840831s1982 sp a b 001 0 spa  a842760579X aDO-SdBNPcDLCdDLC a909.8bC348c1 aCastelar, Emilio,d1832-1899.10aCrónica internacional /cEmilio Castelar ; edición, Damaso de Lario. aMadrid :bNacional,c1982. a476 p. :bil. ;c21 cm.1 aClásicos para una biblioteca contemporáneavno. 15aPensamiento aIncluye referencias bibliográficas, índice y notas al pie de las páginas. 4aPolítica mundialySIGLO XIXxCronología 4aGeopolítica 4aPolítica internacional1 aLario Rámirez, Damaso,eed. 0aClásicos para una biblioteca contemporánea ;vno. 15.pPensamiento.